000 00312nam a22001337a 4500
008 180926b xxu||||| |||| 00| 0 eng d
020 _a080368206
041 _aeng
080 _a541
100 _a12
101 _aKIM
245 _aFluids Electrolytes A practical Apprpoach
_cStroot.L.S
942 _2udc
_cBK
999 _c48495
_d48495